| 000 | 01355nam a2200205 a 4500 | ||
|---|---|---|---|
| 001 | ASIN075675383X | ||
| 005 | 20170105102928.0 | ||
| 008 | 131216s1999 xxu eng d | ||
| 020 |
_a075675383X (paperback) _c$15.00 |
||
| 020 | _a9780756753832 (paperback) | ||
| 040 | _a0 | ||
| 082 |
_a973.9240 _bKIS 2012 |
||
| 100 | 1 | _aKissinger, Henry. | |
| 245 | 1 | 0 |
_aYears of renewal / _cHenry Kissinger. |
| 260 |
_a[S.l.] : _bSimon & Schuster, Inc., _c1999. |
||
| 300 |
_a1151 p. ; _c24 cm. |
||
| 520 | _aThe third & final volume of the memoirs of former Sec. of State Henry Kissinger. Begins with the resignation of Nixon -- including Kissinger's assessment of Nixon's tortured personality & the self-inflicted tragedy that ended his presidency & made Kissinger, for a time, the most powerful man in American government. Then takes the reader through the years of Ford's administration, in which Kissinger continued to play a decisive role. Details the agony of the final U.S. extrication from Vietnam & takes us inside the White House to show our leaders in a time of crisis. He recounts the many major decisions & crises that he had to deal with. He provides intimate & candid portraits of world leaders, from Mao Zedong to Leonid Brezhnev. | ||
| 856 | 4 | 0 |
_3Amazon.com _uhttp://www.amazon.com/exec/obidos/ASIN/075675383X/chopaconline-20 |
| 942 |
_2ddc _cBK |
||
| 999 |
_c15949 _d15949 |
||